Statistics for Founders of the X-Men

Click here to take the quiz!

General Stats

  • This quiz has been taken 36 times
  • The average score is 5 of 6

Answer Stats

Answer% Correct
Professor X
100%
Beast
94%
Cyclops
87%
Phoenix
87%
Angel
74%
Iceman
74%

Score Distribution

Percentile by Number Answered

Percent of People with Each Score

Your Score History

You have not taken this quiz